| 000 | 00368nam a2200145Ia 4500 | ||
|---|---|---|---|
| 008 | 150201s2009 xx 000 0 und d | ||
| 082 |
_a621.38 _bROD |
||
| 100 | _aRoddy, Dennis | ||
| 245 | _aElectronic communications | ||
| 250 | _a4th . Ed. | ||
| 260 |
_bPHI Learning Private Limited _aNew Delhi _c2009 |
||
| 300 | _a820p. | ||
| 700 | _aCoolen,John | ||
| 942 |
_2ddc _cBK |
||
| 999 |
_c5480 _d5480 |
||